000 00573nam a2200205Ia 4500
003 GCL
008 140319s9999 xx 000 0 ara d
040 _aGCL /
_cGCL
082 0 4 _a921
_bف ن
100 1 _aفؤاد زكريا
245 1 0 _aنيتشه /
_cفؤاد زكريا
260 _a[S.N] :
_bدار المعارف ،
_c1991
300 _a191 ص
490 _aنوابغ الفكر الغربى
_v0
650 0 4 _aالفلسفة
650 0 4 _aالادب الالمانى
650 0 4 _aالتراجم
650 0 4 _aفريدريك نيتشه
942 _2ddc
_cBK
999 _c28462
_d28462